STUDY OF GSK3B AND PCLO GENE POLYMORPHISMA IN PATIENTS SUFFERING FROM CLINICAL DEPRESSION / (Record no. 527871)
[ view plain ]
| 000 -LEADER | |
|---|---|
| fixed length control field | 00517nam a22001577a 4500 |
| 082 ## - DEWEY DECIMAL CLASSIFICATION NUMBER | |
| Classification number | 660 |
| 100 ## - MAIN ENTRY--PERSONAL NAME | |
| Personal name | Sarfraz, Nigham |
| 245 ## - TITLE STATEMENT | |
| Title | STUDY OF GSK3B AND PCLO GENE POLYMORPHISMA IN PATIENTS SUFFERING FROM CLINICAL DEPRESSION / |
| Statement of responsibility, etc. | NIGHAM SARFRAZ. |
| 260 ## - PUBLICATION, DISTRIBUTION, ETC. | |
| Place of publication, distribution, etc. | Islamabad: |
| Name of publisher, distributor, etc. | ASAB - NUST, |
| Date of publication, distribution, etc. | 2018. |
| 300 ## - PHYSICAL DESCRIPTION | |
| Extent | 45 p.: ill.; |
| Dimensions | 30cm. |
| Accompanying material | +CD |
| 650 ## - SUBJECT ADDED ENTRY--TOPICAL TERM | |
| Topical term or geographic name entry element | MS Thesis. |
| 700 ## - ADDED ENTRY--PERSONAL NAME | |
| Personal name | Dr.Muhammad Jawad Hassan |
| 942 ## - ADDED ENTRY ELEMENTS (KOHA) | |
| Source of classification or shelving scheme | |
| Koha item type | Thesis |
| 650 ## - SUBJECT ADDED ENTRY--TOPICAL TERM | |
| -- | 18721 |
| 700 ## - ADDED ENTRY--PERSONAL NAME | |
| -- | 19364 |
| Withdrawn status | Lost status | Source of classification or shelving scheme | Damaged status | Not for loan | Permanent Location | Current Location | Shelving location | Date acquired | Total Checkouts | Full call number | Barcode | Date last seen | Price effective from | Koha item type |
|---|---|---|---|---|---|---|---|---|---|---|---|---|---|---|
| Central Library (CL) | Central Library (CL) | Thesis | 08/20/2019 | 660 | CL-T-2989 | 08/20/2019 | 08/20/2019 | Thesis |
